000 005380000a22001690004500
041 0 _aENG
082 0 4 _aG 268.27 P3754c
100 1 _aPeerey, Agnes Junkin
245 1 0 _aThe child and the book : A teacher's guide in the christian education of ten, eleven, twelve, and thirteen years olds / Agnes Junkin Peery, Emily J. Werner
260 _aNew York, USA : Island
300 _a112 Pag
001 7852
942 _cBK
999 _c38056
_d38056
336 _atexto
_btxt
_2rdacontent
337 _2rdamedia
_asin mediación
_bn
338 _2rdacarrier
_avolumen
_bnc